| 000 | 00609nam a2200193 i 4500 | ||
|---|---|---|---|
| 001 | 141271 | ||
| 003 | ES-MaACL | ||
| 005 | 20250823063109.0 | ||
| 007 | t| | ||
| 008 | 070920s1928 sp ||||1| spa d | ||
| 100 | 1 |
_aVives, Juan Luis, _d1492-1540 _9115574 |
|
| 245 | 1 | 0 |
_aDiálogos / _cde Juan Luis Vives ; traducidos en lengua castellana por Critóbal Coret y Peris. |
| 250 | _aNueva edición. | ||
| 260 |
_aMadrid : _b[s.n.], _c1928 ( _fImpr. "La Rafa") |
||
| 300 |
_a266 p. ; _c23 cm. |
||
| 700 | 1 |
_aCoret y Peris, Cristóbal. _940585 |
|
| 852 |
_aES-MaACL _jB-536 |
||
| 999 |
_c141271 _d141271 |
||